01202nas a2200325 4500001001300000003000900013005001700022007000300039008003400042040005400076041000900130072000800139100001600147100001600163100002100179100001800200100001900218100001900237100001900256100001900275245018600294650002000480650001500500650002000515773011100535909004000646942001800686999001900704952015300723BR2016001986BR-BrBNA20231205130321.0ta230509b bl.|||p| |||| 00| 00por d aBR-BrBNAbporcBiblioteca Nacional de Agricultura a(En) aL731 aRocha, D.T.1 aSalle, F.O.1 aPerdoncini, G.G.1 aRocha, S.L.S.1 aFortes, F.B.B.1 aMoraes, H.L.S.1 aNascimento, V.1 aSalles, C.T.P.1 aClassification of antimicrobial resistance using artificial neural networks and the relationship of 38 genes associated with the virulence of Escherichia coli isolates from broilers aFRANGO DE CORTE aAVICULTURA aDOENÇA ANIMAL0 tPesquisa Veterinária Brasileira (Brazil)xISSN 0100-736X g(Feb 2015), v. 35(2) p. 137-140wBR2016001986 a202311bLúciac55dLúcia Elande 2AGRISn0cANA c248812d248812 002AGRIS4071a41918b41918cPeriódicos Agrícolash(Feb 2015), v. 35(2) p. 137-140l0r2023-11-29t01yCRePortaria Interministerial nº 164/94